[Event "GER-chT School WK 3"]
[Site "Playchess.com INT"]
[Date "2020.06.15"]
[Round "3.2"]
[White "Konia, Polina"]
[Black "Pulter, Felix"]
[Result "0-1"]
[WhiteElo "1483"]
[BlackElo "1809"]
[PlyCount "92"]
[EventDate "2020.06.15"]
[EventType "team-swiss (blitz)"]
[EventRounds "5"]
[EventCountry "GER"]
[SourceTitle "EXT 2021"]
[Source "ChessBase"]
[SourceDate "2020.10.23"]
[SourceVersion "1"]
[SourceVersionDate "2020.10.23"]
[SourceQuality "1"]
[WhiteTeam "Leipzig Ostwald Gymn"]
[BlackTeam "Luebeck Johanneum"]
[WhiteTeamCountry "GER"]
[BlackTeamCountry "GER"]

1. e4 e5 2. Nf3 Nc6 3. Nc3 Bc5 4. Nxe5 Nxe5 5. d4 Bd6 6. dxe5 Bxe5 7. Bc4 Nf6 8. 0-0 0-0 9. Bg5 h6 10. Bh4 d6 11. Nd5 c6 12. Nxf6+ Bxf6 13. Bxf6 Qxf6 14. Rb1 Be6 15. Bb3 Rad8 16. Qe2 d5 17. exd5 Bxd5 18. Bxd5 Rxd5 19. Rfd1 Rfd8 20. c3 Qe6 21. Qf1 Rxd1 22. Rxd1 Rxd1 23. Qxd1 Qxa2 24. Qc1 Qc4 25. h3 b5 26. Qa1 Qc5 27. Qa2 Qb6 28. b3 a5 29. c4 bxc4 30. bxc4 Qb4 31. g3 a4 32. c5 Qb3 33. Qa1 a3 34. Kg2 Qb2 35. Qxb2 axb2 36. h4 b1Q 37. f4 Qc2+ 38. Kh3 Qxc5 39. Kg2 Qd4 40. Kf3 f5 41. g4 Qd3+ 42. Kg2 fxg4 43. h5 Qf3+ 44. Kg1 g3 45. f5 Qf2+ 46. Kh1 Qh2# 0-1